The extraordinary Mark Twain (according to Susy) / (Record no. 6160)

MARC details
000 -LEADER
fixed length control field 01679cam a2200433 a 4500
001 - CONTROL NUMBER
control field 6160
003 - CONTROL NUMBER IDENTIFIER
control field FISKH
005 - DATE AND TIME OF LATEST TRANSACTION
control field 20250321092536.0
008 - FIXED-LENGTH DATA ELEMENTS--GENERAL INFORMATION
fixed length control field 090213s2010 nyua b 000 1 eng
010 ## - LIBRARY OF CONGRESS CONTROL NUMBER
LC control number 2009004752
020 ## - INTERNATIONAL STANDARD BOOK NUMBER
International Standard Book Number 9780545125086
020 ## - INTERNATIONAL STANDARD BOOK NUMBER
International Standard Book Number 9780545341271
020 ## - INTERNATIONAL STANDARD BOOK NUMBER
International Standard Book Number 0545125081
020 ## - INTERNATIONAL STANDARD BOOK NUMBER
International Standard Book Number 054512509X
040 ## - CATALOGING SOURCE
Original cataloging agency DLC
Transcribing agency DLC
Modifying agency DLC
Language of cataloging eng
050 ## - LIBRARY OF CONGRESS CALL NUMBER
Classification number PZ7.K4575 E
082 ## - DEWEY DECIMAL CLASSIFICATION NUMBER
Classification number 921
100 1# - MAIN ENTRY--PERSONAL NAME
Personal name Kerley, Barbara.
245 14 - TITLE STATEMENT
Title The extraordinary Mark Twain (according to Susy) /
Statement of responsibility, etc. by Barbara Kerley ; iIllustrated by Edwin Fotheringham.
260 ## - PUBLICATION, DISTRIBUTION, ETC.
Place of publication, distribution, etc. New York :
Name of publisher, distributor, etc. Scholastic Press,
Date of publication, distribution, etc. 2010.
300 ## - PHYSICAL DESCRIPTION
Extent 64 unnumbered pages :
Other physical details color illustrations ;
Dimensions 28 cm
500 ## - GENERAL NOTE
General note Excerpts from Susy's actual diary appear inside separate mini-book inserted throughout book.
504 ## - BIBLIOGRAPHY, ETC. NOTE
Bibliography, etc. note Includes bibliographical references and index (pp. 42-45 , p. 45 attached to back cover).
505 ## - FORMATTED CONTENTS NOTE
Formatted contents note O<br/>
520 ## - SUMMARY, ETC.
Summary, etc. Thirteen-year-old Susy Clemens wants the world to know that her papa, Mark Twain, is more than just a humorist and sets out to write a comprehensive biography of the American icon.
521 8# - TARGET AUDIENCE NOTE
Target audience note 600<br/>
Source Lexile estimate<br/>
521 8# - TARGET AUDIENCE NOTE
Target audience note O<br/>
Source Raz-Plus<br/>
600 10 - SUBJECT ADDED ENTRY--PERSONAL NAME
Personal name Clemens, Susy,
Dates associated with a name 1872-1896
Form subdivision Juvenile fiction.
600 10 - SUBJECT ADDED ENTRY--PERSONAL NAME
Personal name Twain, Mark,
Dates associated with a name 1835-1910
Form subdivision Juvenile fiction.
600 11 - SUBJECT ADDED ENTRY--PERSONAL NAME
Personal name Clemens, Susy,
Dates associated with a name 1872-1896
Form subdivision Fiction.
600 11 - SUBJECT ADDED ENTRY--PERSONAL NAME
Personal name Twain, Mark,
Dates associated with a name 1835-1910
Form subdivision Fiction.
650 #1 - SUBJECT ADDED ENTRY--TOPICAL TERM
Topical term or geographic name entry element Authors, American
Form subdivision Fiction.
650 #1 - SUBJECT ADDED ENTRY--TOPICAL TERM
Topical term or geographic name entry element Authorship
Form subdivision Fiction.
650 #1 - SUBJECT ADDED ENTRY--TOPICAL TERM
Topical term or geographic name entry element Biography
Form subdivision Fiction.
700 1# - ADDED ENTRY--PERSONAL NAME
Personal name Fotheringham, Edwin,
Relator term illustrator
906 ## - LOCAL DATA ELEMENT F, LDF (RLIN)
a 7
b cbc
c orignew
d 1
e ecip
f 20
g y-gencatlg
942 ## - ADDED ENTRY ELEMENTS (KOHA)
Source of classification or shelving scheme Dewey Decimal Classification
Koha item type Books
Suppress in OPAC No
Holdings
Withdrawn status Lost status Source of classification or shelving scheme Damaged status Not for loan Collection Home library Current library Shelving location Date acquired Total Checkouts Full call number Barcode Date last seen Price effective from Koha item type
    Dewey Decimal Classification     Non-Fiction Footprints International School Library Network Toul Kork Campus Footprints International School Library Network Toul Kork Campus TK Primary Library Room(4th Floor), Bookcase 3&4, Shelves 17-32, Yellow Books 03/21/2025   KER 921 PZ7.K4575 E FISTK02144 03/21/2025 03/21/2025 Books